00560nam a2200169Ia 4500003000900000008004100009040001600050080002900066110003300095245011700128260005000245300000900295500001900304650002800323650001800351650002100369IN-BaIIA211028s9999 xx 000 0 eng d cIIA Library a083.7:621-762.642.7bISI aIndian Standards Institution 0aIndian standard specification for rotary shaft oil seal units (related dimensions)cIndian Standards Institution aNew DelhibIndian Standards Institutionc1969 a15p. aIS 5129 : 1969 a Rotary Shaft Oil Seal a Standards  aNASA Thesaurus